Państwa o najwyższym wskaźniku siły wojska na każdą literę - Statystyki

Ogólne statystyki
  • Ten quiz został rozwiązany 186 razy
  • Średni wynik to 18 z 24
Statystyki odpowiedzi
Litera Państwo % Poprawnych
R Rosja
94%
S Stany Zjednoczone
93%
F Francja
90%
C Chiny
89%
Ł Łotwa
87%
I Indie
82%
B Brazylia
81%
O Oman
80%
J Japonia
78%
D Dania
76%
H Hiszpania
76%
W Wielka Brytania
76%
T Turcja
74%
N Niemcy
72%
P Pakistan
72%
K Korea Południowa
70%
U Ukraina
70%
A Australia
68%
E Egipt
66%
G Grecja
66%
V Vanuatu
64%
M Meksyk
61%
Z Zjednoczone Emiraty Arabskie
57%
L Libia
51%
Nie znaleziono quizów pasujących do podanych kryteriów
Rozkład punktacji
Procent ludzi z każdym wynikiem
Percentyl według liczby udzielonych odpowiedzi
Twoja historia wyników
Nie rozwiązałeś tego quizu